Normal view
MARC view
- الإعلام - جوانب سياسية - البلاد العربية - مقالات ومحاضرات
Entry Topical Term
001 - CONTROL NUMBER
- control field: 57774
003 - CONTROL NUMBER IDENTIFIER
- control field: JO-AjAnu
005 - DATE AND TIME OF LATEST TRANSACTION
- control field: 20230606083446.0
008 - FIXED-LENGTH DATA ELEMENTS
- fixed length control field: 230606|| aca||aabn | a|a d
040 ## - CATALOGING SOURCE
- Original cataloging agency: JO-AjAnu
- Transcribing agency: JO-AjAnu
150 ## - HEADING--TOPICAL TERM
- Topical term or geographic name entry element: الإعلام - جوانب سياسية - البلاد العربية - مقالات ومحاضرات
670 ## - SOURCE DATA FOUND
- Source citation: Work cat.: (JO-AjAnu)29477: العبدالله، مي ...... وآخرون ؛ مراجعة وتقديم نبيل الشريف , author 57773, أسئلة الإعلام والديمقراطية في زمن الربيع العربي